1842 1837 1083 1371 1514 1431 1210 1066 1595 1019 1754 1555 1294 1328 1401 1571 1215 1600 1485 1894 1858 1165 1663 1021 1771 1999 1570 1433 1394 1762 1344 1038 1740 1858 1610 1224 1076 1534 1622 1998 1597 1916 1551 1030 1110 1740 1123 1012 1417 1088 1622 1494 1703 1437 1585 1716 1432 1347 1981 1927 1168 1544 1445 1155 1428 1890 1557 1748 1412 1583 1620 1177 1931 1034 1902 1001 1628 1362 1102 1937 1762 1580 1209 1578 1512 1618 1460 1184 1320 1302 1180 1291 1849 1883 1170 1481 1644 1251 1387 BCNSPRNW ULIB Ver.6.0+V

เปลี่ยนเป็นภาษาไทย

Change to English
 แสดงรายละเอียดบรรณานุกรม
  กลับหน้าหลัก

Brief Record : Get Marc (ISO 2709) : E-mail record : QR code < ปิดหน้าต่าง
LEADER : 00000nam 2200000uu 4500
001    13399113000
003     ULIB
008    110921s2545||||th 000 0 tha d
020    9749548728
020    9789749548721
050  4 NC992.T35^bอ881ค 2545
100 0  เอนก นาวิกมูล
245 10 คนนอกศตวรรษ :^bนักวาดในดวงใจ = My cherished artists /^cเอนก นาวิกมูล
246 30 นักวาดในดวงใจ
246 31 My cherished artists
250    พิมพ์ครั้งที่ 1
260    กรุงเทพฯ :^bเนชั่นบุ๊คส์ อินเตอร์เนชั่นแนล,^c2545
300    280 หน้า :^bภาพประกอบ (สีบางภาพ) ;^c21 ซม.
650  4 ผู้เขียนภาพประกอบ^zไทย^vชีวประวัติ
945    ^p195^l0^i015930
995    ทศพร
999 ^a ทศพร
รายการนี้ยังไม่มีแท็ก
คุณยังไม่ได้ล็อกอิน คุณสามารถมีกิจกรรมร่วมกับเว็บไซต์ได้ แต่ต้องล็อกอินก่อน ::
  ล็อกอิน

รายการสื่อสารสนเทศ

ลำดับที่ ประเภท เลขเรียก/บาร์โค้ด สถานที่ สถานะ
- ไม่พบข้อมูล -

รายการใกล้เคียง
    ผู้แต่ง [เอนก นาวิกมูล]

BibComment


ยังไม่เคยถูกคอมเมนท์

คอมเมนท์ทรัพยากรรายการนี้
  คอมเมนท์: คนนอกศตวรรษ นักว..


 Copyright 2026. Bcnsprnw @Library